Wielrennen - UCI Wereldkampioenschap Wegwielrennen – mannen - Statistics

General Stats
  • This quiz has been taken 9 times
  • The average score is 32 of 92
Answer Stats
Year Hint Answer % Correct
2023 NED Mathieu Van Der Poel
100%
2022 BEL Remco Evenepoel
100%
2025 SVN Tadej Pogačar
100%
2024 SVN Tadej Pogačar
100%
1974 BEL Eddy Merckx
75%
1971 BEL Eddy Merckx
75%
1967 BEL Eddy Merckx
75%
2021 FRA Julian Alaphilippe
75%
2020 FRA Julian Alaphilippe
75%
2017 SVK Peter Sagan
75%
2016 SVK Peter Sagan
75%
2015 SVK PeterSagan
75%
2012 BEL Philippe Gilbert
75%
2013 POR Rui Costa
75%
2005 BEL Tom Boonen
75%
2018 SPA Alejandro Valverde
63%
2011 GB Mark Cavendish
63%
2014 POL Michal Kwiatkowski
63%
2019 DEN Mads Pedersen
50%
2008 ITA Alessandro Ballan
38%
1980 FRA Bernard Hinault
38%
1953 ITA Fausto Coppi
38%
1989 VS Greg LeMond
38%
1983 VS Greg LeMond
38%
1979 NED Jan Raas
38%
1996 BEL Johan Museeuw
38%
1985 NED Joop Zoetemelk
38%
1993 USA Lance Armstrong
38%
2002 ITA Mario Cipollini
38%
2004 SPA Óscar Freire
38%
2001 SPA Óscar Freire
38%
1999 SPA Óscar Freire
38%
2010 NOR Thor Hushovd
38%
1995 SPA Abraham Olano
25%
1932 ITA Alfredo Binda
25%
1930 ITA Alfredo Binda
25%
1927 ITA Alfredo Binda
25%
1963 BEL Benoni Beheyt
25%
1950 BEL Briek Schotte
25%
1948 BEL Briek Schotte
25%
2009 AUS Cadel Evans
25%
1984 BEL Claude Criquielion
25%
1973 ITA Felice Gimondi
25%
1951 ZWI Ferdi Kübler
25%
1977 ITA Francesco Moser
25%
1981 BEL Freddy Maertens
25%
1976 BEL Freddy Maertens
25%
1978 NED Gerrie Knetemann
25%
1992 ITA Gianni Bugno
25%
1991 ITA Gianni Bugno
25%
1982 ITA Giuseppe Saronni
25%
1969 NED Harm Ottenbros
25%
1975 NED Hennie Kuiper
25%
2003 SPA Igor Astarloa
25%
1964 NED Jan Janssen
25%
1970 BEL Jean-Pierre Monseré
25%
1997 FRA Laurent Brochard
25%
1994 FRA Luc Leblanc
25%
1938 BEL Marcel Kint
25%
1972 ITA Marino Basso
25%
1988 ITA Maurizio Fondriest
25%
1998 ZWI Oscar Camenzind
25%
2007 ITA Paolo Bettini
25%
2006 ITA Paolo Bettini
25%
1961 BEL Rik Van Looy
25%
1960 BEL Rik Van Looy
25%
1957 BEL Rik Van Steenbergen
25%
1956 BEL Rik Van Steenbergen
25%
1949 BEL Rik Van Steenbergen
25%
2000 LVA Romāns Vainšteins
25%
1990 BEL Rudy Dhaenens
25%
1955 BEL Stan Ockers
25%
1987 IER Stephen Roche
25%
1965 GB Tom Simpson
25%
1968 ITA Vittorio Adorni
25%
1959 FRA André Darrigade
13%
1936 FRA Antonin Magne
13%
1929 BEL Georges Ronsse
13%
1928 BEL Georges Ronsse
13%
1933 FRA Georges Speicher
13%
1946 ZWI Hans Knecht
13%
1935 BEL Jean Aerts
13%
1962 FRA Jean Stablinski
13%
1934 BEL Karel Kaers
13%
1931 ITA Learco Guerra
13%
1954 FRA Louison Bobet
13%
1986 ITA Moreno Argentin
13%
1966 DUI Rudi Altig
13%
1947 NED Theo Middelkamp
13%
1937 BEL Eloi Meulenberg
0%
1958 ITA Ercole Baldini
0%
1952 DUI Heinz Müller
0%
No matching quizzes found
Score Distribution
Percent of People with Each Score
Percentile by Number Answered
Your Score History
You have not taken this quiz